| 000 | 00495nam a2200181 a 4500 | ||
|---|---|---|---|
| 001 | 9326 | ||
| 005 | 20180713193319.0 | ||
| 008 | 140415s1993 mx 000 0 spa d | ||
| 041 | _aspa | ||
| 082 |
_a003 _bCHE |
||
| 100 | 1 | _aCHECKLAND, PETER | |
| 245 | 1 | 0 | _aPENSAMIENTO DE SISTEMAS, PRACTICA DE SISTEMAS |
| 250 | _a1a ed. | ||
| 260 |
_aMEXICO : _bLIMUSA, _c1993 |
||
| 300 | _a367 | ||
| 490 | _aMEGABYTE | ||
| 650 | 1 | 4 | _aSISTEMAS DE ALMACENAMIENTO Y RECUPERACION DE INFORMACION |
| 999 |
_c9326 _d9326 |
||